000 00831cab a2200229 4500
001 L136602
008 070212n2007 000 0 eng u
035 _a(Sirsi) u136602
041 0 _aeng
100 1 _aBrownhill, Sue
245 0 4 _aThe Planning Aid experience
_bnew, improved participatory planning?
260 _c2007
490 0 0 _aTown & Country Planning
_v76(1) January 2007, 26-29(4)
520 _aFocuses on the gap betwen Government policy rhetoric on increasing participation in the new planning system and the reality on the ground.
590 _aKA
650 2 4 _aPLANNING AND COMPULSORY PURCHASE ACT 2004
650 2 4 _aPLANNING AID
651 4 _aEngland and Wales
_y1543-
690 _aENVIRONMENTAL AND LAND CONSULTANCY-PLANNING AND DEVELOPMENT-PLANNING REFORM
700 1 _aCarpenter, Juliet
942 _n0
999 _c78366
_d78366